00668nam a2200241Ia 4500003000900000008004100009040001300050040001300063041000800076100001900084245002400103250001200127260001400139260000900153300001100162300000900173300001000182490002400192490000600216942000700222999001700229952018000246IT-RoPAU120407s9999 xx 000 0 und d aIT-RoPAU cIT-RoPAU aita aGianni Rizzoli aPro e contro Franco aMilano  aMondadori c1972 a150 p. bill. c22 cm aI dossier Monsadori v7 cBK c26000d26000 00102ddc406920_10000000000000071aPAULUSbPAULUSd2012-04-11l0o920.1r2012-04-11 00:00:00w2012-04-11yBKzInserito da: In data: n.d. fondo: Via A.Severo 56 Progr:29861